[Event "Africa-ch U1700/2300 (Women)"]
[Site "Windhoek"]
[Date "2019.01.03"]
[Round "6.2"]
[White "Ndachipiwa, Kgomotso"]
[Black "Zeko, Rose"]
[Result "0-1"]
[WhiteElo "1561"]
[BlackElo "1385"]
[PlyCount "60"]
[EventDate "2018.12.31"]
[EventType "swiss"]
[EventRounds "9"]
[EventCountry "NAM"]
[SourceTitle "EXT 2024"]
[Source "ChessBase"]
[SourceDate "2023.10.10"]
[SourceVersion "1"]
[SourceVersionDate "2023.10.10"]
[SourceQuality "1"]

1. c4 Nf6 2. Nc3 e6 3. e3 Bb4 4. Nge2 Nc6 5. a3 Bxc3 6. Nxc3 d5 7. d3 0-0 8. Be2 dxc4 9. dxc4 b6 10. Qxd8 Rxd8 11. 0-0 Bb7 12. Rd1 a6 13. Kf1 Ne5 14. b3 Rxd1+ 15. Bxd1 Rd8 16. Bc2 Nd3 17. f3 e5 18. h3 e4 19. f4 Nh5 20. Ne2 Rd6 21. g4 Nf6 22. a4 c5 23. Ng3 Nb4 24. Bxe4 Nxe4 25. Nxe4 Bxe4 26. a5 Nc2 27. Ra2 Rd1+ 28. Ke2 Rxc1 29. Rxc2 Rxc2+ 30. Kd1 Rb2 0-1

[Event "Africa-ch U1700/2300 (Women)"]
[Site "Windhoek"]
[Date "2019.01.02"]
[Round "4.2"]
[White "Ndachipiwa, Kgomotso"]
[Black "Figaro, Dericka"]
[Result "1-0"]
[WhiteElo "1561"]
[BlackElo "1644"]
[PlyCount "83"]
[EventDate "2018.12.31"]
[EventType "swiss"]
[EventRounds "9"]
[EventCountry "NAM"]
[SourceTitle "EXT 2024"]
[Source "ChessBase"]
[SourceDate "2023.10.10"]
[SourceVersion "1"]
[SourceVersionDate "2023.10.10"]
[SourceQuality "1"]

1. c4 c5 2. g3 g6 3. Bg2 Bg7 4. Nc3 Nf6 5. e4 Nc6 6. Nge2 d6 7. 0-0 Be6 8. b3 a6 9. Bb2 0-0 10. d4 cxd4 11. Nxd4 Bg4 12. Nxc6 bxc6 13. f3 Bd7 14. Qe2 e5 15. Rfd1 Qb6+ 16. Kh1 Ne8 17. Na4 Qa7 18. Ba3 c5 19. Nc3 f5 20. Qd2 Be6 21. Rf1 Rd8 22. Rad1 f4 23. g4 Qf7 24. Bxc5 g5 25. Bf2 h5 26. h3 hxg4 27. hxg4 Qg6 28. Bh3 Qh6 29. Kg2 Kf7 30. c5 Rh8 31. Rh1 Bf8 32. cxd6 Rxd6 33. Qe2 Rc6 34. Nd5 Ba3 35. Kg1 Qf8 36. Bg2 Rg8 37. Bf1 Bxd5 38. Rxd5 Rh6 39. Rd7+ Be7 40. Rxh6 Qxh6 41. Bc5 Rh8 42. Rxe7+ 1-0

[Event "World Amateur-ch U1700 (Women)"]
[Site "Cagliari"]
[Date "2018.04.26"]
[Round "6"]
[White "Ndachipiwa, Kgomotso"]
[Black "Cadoni, Valentina"]
[Result "1-0"]
[WhiteElo "1590"]
[BlackElo "1238"]
[PlyCount "57"]
[EventDate "2018.04.22"]
[EventType "swiss"]
[EventRounds "9"]
[EventCountry "ITA"]
[SourceTitle "CBM 184 Extra"]
[Source "ChessBase"]
[SourceDate "2018.06.28"]
[SourceVersion "1"]
[SourceVersionDate "2018.06.28"]
[SourceQuality "1"]

1. d4 d5 2. c4 c6 3. Nc3 Nf6 4. cxd5 cxd5 5. Bg5 e6 6. Nf3 Bd6 7. e3 0-0 8. Be2 Nbd7 9. 0-0 Qb6 10. Qc2 Re8 11. Nb5 Ne4 12. Nxd6 Qxd6 13. Bf4 Qe7 14. h3 Ndf6 15. Rac1 Nh5 16. Bh2 Qf6 17. Bb5 Rd8 18. Qc7 Rf8 19. Be5 Qd8 20. Qxd8 Rxd8 21. Bc7 Rf8 22. Ne1 a6 23. Be2 Nhf6 24. f3 Ng3 25. Bxg3 Re8 26. Nd3 Bd7 27. Ne5 Bc8 28. Rc7 Rf8 29. Rfc1 1-0

[Event "Africa KCF Inv tt"]
[Site "Brakpan"]
[Date "2017.10.08"]
[Round "6.4"]
[White "Ndachipiwa, Kgomotso"]
[Black "Tembo, Epah"]
[Result "0-1"]
[WhiteElo "1605"]
[BlackElo "1751"]
[PlyCount "61"]
[EventDate "2017.10.05"]
[EventType "team-tourn"]
[EventRounds "7"]
[EventCountry "RSA"]
[SourceTitle "CBM 181 Extra"]
[Source "ChessBase"]
[SourceDate "2017.12.12"]
[SourceVersion "1"]
[SourceVersionDate "2017.12.12"]
[SourceQuality "1"]
[WhiteTeam "RSA Inv"]
[BlackTeam "SA Veterans"]
[WhiteTeamCountry "RSA"]
[BlackTeamCountry "RSA"]

1. e4 e6 2. d4 d5 3. e5 c5 4. c3 Qb6 5. Nf3 Nc6 6. Bd3 Bd7 7. Bc2 cxd4 8. cxd4 Nb4 9. Bb3 Bb5 10. Nc3 Nd3+ 11. Kd2 Nxf2 12. Qe1 Nxh1 13. Qxh1 Ne7 14. Nxb5 Qxb5 15. Kd1 Nf5 16. Bg5 Bb4 17. Rc1 Qd3+ 18. Nd2 h6 19. Bf4 g5 20. Bc2 Qxd4 21. Bxf5 gxf4 22. Qe1 Qxd2+ 23. Qxd2 Bxd2 24. Kxd2 exf5 25. Ke2 0-0 26. Rc2 Rfe8 27. Kf3 Rxe5 28. Kxf4 Rae8 29. Rd2 Kg7 30. g3 Kg6 31. h3 0-1

[Event "Africa KCF Inv tt"]
[Site "Brakpan"]
[Date "2017.10.06"]
[Round "2.4"]
[White "Latreche, Khadidja"]
[Black "Ndachipiwa, Kgomotso"]
[Result "1-0"]
[WhiteElo "1912"]
[BlackElo "1605"]
[PlyCount "93"]
[EventDate "2017.10.05"]
[EventType "team-tourn"]
[EventRounds "7"]
[EventCountry "RSA"]
[SourceTitle "CBM 181 Extra"]
[Source "ChessBase"]
[SourceDate "2017.12.12"]
[SourceVersion "1"]
[SourceVersionDate "2017.12.12"]
[SourceQuality "1"]
[WhiteTeam "RSA Inv II"]
[BlackTeam "RSA Inv"]
[WhiteTeamCountry "RSA"]
[BlackTeamCountry "RSA"]

1. e4 d5 2. exd5 Qxd5 3. Nc3 Qa5 4. d4 Nf6 5. Nf3 Bg4 6. Be2 e6 7. 0-0 Be7 8. Ne5 Bxe2 9. Qxe2 0-0 10. Rd1 Rd8 11. Bf4 c6 12. Nc4 Qa6 13. Bc7 Rc8 14. Bd6 Re8 15. Bxe7 Rxe7 16. d5 Nbd7 17. dxc6 Qxc6 18. Rd6 Qc5 19. Rad1 Qf5 20. Nd5 exd5 21. Qxe7 Re8 22. Ne3 Qh5 23. Qxe8+ Nxe8 24. Rxd7 Qe5 25. c3 d4 26. R7xd4 Qb5 27. Rd8 Kf8 28. Nd5 Qa5 29. Rc8 Qa4 30. Re1 Qd7 31. Rcxe8+ Qxe8 32. Rxe8+ Kxe8 33. Kf1 Kd7 34. Ke2 Kd6 35. c4 Kc5 36. Kd3 f5 37. b4+ Kd6 38. Kd4 g6 39. a4 g5 40. c5+ Ke6 41. b5 h5 42. a5 f4 43. h4 Kf5 44. hxg5 Kxg5 45. Ke4 f3 46. Kxf3 Kf5 47. c6 1-0

[Event "Africa KCF Inv tt"]
[Site "Brakpan"]
[Date "2017.10.05"]
[Round "1.4"]
[White "Ndachipiwa, Kgomotso"]
[Black "Tlale, Tshepang"]
[Result "1/2-1/2"]
[WhiteElo "1605"]
[BlackElo "1894"]
[PlyCount "77"]
[EventDate "2017.10.05"]
[EventType "team-tourn"]
[EventRounds "7"]
[EventCountry "RSA"]
[SourceTitle "CBM 181 Extra"]
[Source "ChessBase"]
[SourceDate "2017.12.12"]
[SourceVersion "1"]
[SourceVersionDate "2017.12.12"]
[SourceQuality "1"]
[WhiteTeam "RSA Inv"]
[BlackTeam "RSA Inv III"]
[WhiteTeamCountry "RSA"]
[BlackTeamCountry "RSA"]

1. d4 d5 2. c4 e6 3. cxd5 exd5 4. Nf3 Nf6 5. Bg5 Be7 6. e3 0-0 7. Be2 c6 8. 0-0 Ne4 9. Bf4 Nd7 10. Qc2 Ndf6 11. Nc3 Re8 12. Rfe1 Bd6 13. Bxd6 Qxd6 14. Ne5 Nxc3 15. Qxc3 Ne4 16. Qc2 Bf5 17. f3 Ng3 18. Bd3 Bxd3 19. Qxd3 Nh5 20. Qf5 Nf6 21. g4 Qe6 22. Qxe6 Rxe6 23. Kf2 Ne8 24. b3 Nd6 25. Rac1 Rae8 26. h3 Rd8 27. Nd3 Rde8 28. Nf4 R6e7 29. Nd3 f6 30. Nf4 Kf7 31. Nd3 Nb5 32. Nf4 Nc7 33. Nd3 Ne6 34. Nc5 Nd8 35. Nd3 Kf8 36. Nf4 Nf7 37. Nd3 Ng5 38. h4 Ne6 39. Nc5 1/2-1/2

[Event "Livingstone zt 4.3 (Women)"]
[Site "Livingstone"]
[Date "2017.06.15"]
[Round "7"]
[White "Jambo, Linda"]
[Black "Ndachipiwa, Kgomotso"]
[Result "0-1"]
[WhiteElo "1554"]
[BlackElo "1611"]
[PlyCount "101"]
[EventDate "2017.06.10"]
[EventType "swiss"]
[EventRounds "9"]
[EventCountry "ZAM"]
[SourceTitle "EXT 2020"]
[Source "ChessBase"]
[SourceDate "2019.10.17"]
[SourceVersion "1"]
[SourceVersionDate "2019.10.17"]
[SourceQuality "1"]

1. e4 e5 2. Nf3 Nc6 3. Be2 Nf6 4. Nc3 Bc5 5. 0-0 0-0 6. d3 h6 7. h3 a6 8. Re1 Ba7 9. Bf1 Re8 10. Be3 d6 11. Bxa7 Rxa7 12. a3 Ra8 13. Qd2 b5 14. Ne2 Bb7 15. Ng3 Ne7 16. Rad1 Ng6 17. c3 c5 18. d4 exd4 19. cxd4 Nxe4 20. Nxe4 Bxe4 21. Re3 Bb7 22. dxc5 dxc5 23. Rxe8+ Qxe8 24. Qc3 c4 25. Re1 Qd7 26. Nd2 Re8 27. Rxe8+ Qxe8 28. Nf3 Nf4 29. Nh4 Ne2+ 30. Bxe2 Qxe2 31. Nf5 f6 32. Qg3 Qe1+ 33. Kh2 Qe5 34. Qxe5 fxe5 35. Kg3 h5 36. Nd6 Bc6 37. Nf5 Kf7 38. f3 Kf6 39. Ne3 g6 40. Nc2 a5 41. Ne3 g5 42. Kf2 e4 43. fxe4 Bxe4 44. g3 Ke5 45. Nd1 Kd4 46. Ke2 b4 47. axb4 axb4 48. Nf2 c3 49. bxc3+ bxc3 50. h4 g4 51. Kd1 0-1